Normal view
MARC view
Entry Personal Name
001 - CONTROL NUMBER
- control field: 31152
003 - CONTROL NUMBER IDENTIFIER
- control field: OSt
005 - DATE AND TIME OF LATEST TRANSACTION
- control field: 20160112124032.0
008 - FIXED-LENGTH DATA ELEMENTS
- fixed length control field: 160112|| aca||aabn | a|a d
040 ## - CATALOGING SOURCE
- Original cataloging agency: OSt
- Transcribing agency: OSt
100 ## - HEADING--PERSONAL NAME
- Personal name: Kalhan, D N
670 ## - SOURCE DATA FOUND
- Source citation: Work cat.: (OSt)36178: Kalhan, D N, Indira Gandhi Three Years as prime minister









